Bilecik Bilecik Bilecik Bilecik Bilecik

Sadeddin Kaynak . (Record no. 34598)

MARC details
000 -BAŞLIK
Sabit Uzunluktaki Kontrol Alanı 00659nam a22002537a 4500
001 - KONTROL NUMARASI
Control Dosyası 0034690
003 - KONTROL NUMARASI KİMLİĞİ
Kontrol Alanı KOHA_MİRAKIL
005 - EN SON İŞLEM TARİHİ ve ZAMANI
Kontrol Alanı 20260207002925.0
008 - SABİT UZUNLUKTAKİ VERİ ÖGELERİ - GENEL BİLGİ
Sabit Alan 120103b2010 tu |||g|||||#||||0|tur |
040 ## - KATALOGLAMA KAYNAĞI
Özgün Kataloglama Kurumu TR-BiSEU
Kataloglama Dili tur
Çeviri Kurumu TR-BiSEU
Açıklama Kuralları rda
041 0# - DİL KODU
Metin ya da ses kaydının dil kodu tur
044 ## - YAYINLAYAN/ÜRETEN KURULUŞUN ÜLKE KODU
ISO country code tu
050 00 - SINIFLAMA ve YER NUMARASI
Sınıflama Numarası DVD
Yer Numarası 34690
245 0# - ESER ADI BİLDİRİMİ
Başlık Sadeddin Kaynak .
264 #1 - ÜRERİM, YAYIN, DAĞITIM ve TELİF BİLDİRİMİ
Yayın yeri Ankara :
Yayınlayan TRT
Yayın tarihi 2010
300 ## - FİZİKSEL TANIMLAMA
Sayfa, Cilt vb. 2 adet müzik CD'si
336 ## - İÇERİK TÜRÜ
Content type term dokunsal metin
Content type code tct
Source rdacontent
337 ## - MEDYA TÜRÜ
Media type term aracısız
Media type code m
Source rdamedia
338 ## - TAŞIYICI TÜRÜ
Carrier type term cilt
Carrier type code nc
Source rdacarrier
500 ## - GENEL NOT
Genel Not Müzik Cd'si.
650 #0 - KONU BAŞLIĞI EK GİRİŞ - KONU TERİMİ
Konusal terim veya coğrafi ad Müzik--Türkiye.
9 (RLIN) 39968
650 #0 - KONU BAŞLIĞI EK GİRİŞ - KONU TERİMİ
Konusal terim veya coğrafi ad Music--Turkey.
9 (RLIN) 63331
856 40 - ELEKTRONİK YER ve ERİŞİM
Kaynak Tanımlayıcı (URL) <a href="http://katalog-depo.bilecik.edu.tr/34690/">http://katalog-depo.bilecik.edu.tr/34690/</a>
942 ## - EK GİRİŞ ÖGELERİ (KOHA)
Source of classification or shelving scheme Library of Congress Classification
Koha item type Non-print material
Holdings
Materyal Türü Kalıcı Konum Mevcut Konum Sınıflandırma Kaynağı Edinim Bilgisi Yer Numarası Demirbaş Numarası Fatura Tarihi Geri Çekilme Durumu Kayıp Durumu Hasarlı Durumu Kredi için değil Kayıt Tarih Toplam Ödünçverme Son Görülme Tarihi Son Kontrol Tarihi Genel / Bağış Notu
Non-print material Prof. Dr. Azmi Özcan Kütüphanesi Prof. Dr. Azmi Özcan Kütüphanesi Library of Congress Classification Bağış DVD/34690 0034690 02/02/2026         03/01/2012   05/12/2024 05/12/2024 TRT
Non-print material Prof. Dr. Azmi Özcan Kütüphanesi Prof. Dr. Azmi Özcan Kütüphanesi Library of Congress Classification Bağış DVD/34692 0034692 02/02/2026 Düşüldü Kayıp     03/01/2012   05/12/2024 05/12/2024 TRT